000 00771nas a2200253 4500
001 BR9503698
003 BR-BrBNA
005 20231205094055.0
007 ta
008 230509b bl.|||p| |||| 00| 00por d
040 _aBR-BrBNA
_bpor
_cBiblioteca Nacional de Agricultura
041 _a(Pt)
072 _aL73
100 1 _aResende, M.
100 1 _aReis, R.
100 1 _aGettelfinger, J.P.
245 1 _aMicoplasma de origem aviaria. 1. Isolamento e agrupamento sorologico
650 _aAve Domestica
650 _aMicoplasmose
650 _aSintoma
773 0 _tArquivos da Escola de Veterinaria da Universidade Federal de Minas Gerais (Brazil)
_x
_g(1968), v. 20 p. 175-183
_wBR9503698
909 _a202311
_bLúcia
_c55
_dLúcia Elande
942 _2AGRIS
_n0
_cANA
999 _c141923
_d141923